Normal view
MARC view
- صيانة الحاسوب
Entry Topical Term
001 - CONTROL NUMBER
- control field: 56747
003 - CONTROL NUMBER IDENTIFIER
- control field: JO-AjAnu
005 - DATE AND TIME OF LATEST TRANSACTION
- control field: 20230606083310.0
008 - FIXED-LENGTH DATA ELEMENTS
- fixed length control field: 230606|| aca||aabn | a|a d
040 ## - CATALOGING SOURCE
- Original cataloging agency: JO-AjAnu
- Transcribing agency: JO-AjAnu
150 ## - HEADING--TOPICAL TERM
- Topical term or geographic name entry element: صيانة الحاسوب
670 ## - SOURCE DATA FOUND
- Source citation: Work cat.: (JO-AjAnu)28957: تأليف فريق فرسان الانتاج, author 56746, معا في عالم صيانة الحاسب طريقة العمل-المشاكل-الحلول اكثر من1000مشكلة وحلها